000 00267nam a2200109Ia 4500
008 200302s9999 xx 000 0 und d
100 _aAuthor
245 _aThe Big Book of Designer House Plans
260 _bHanley Wook Published
260 _c2005
300 _a463 P.,
999 _c5189
_d5189